000
00320nam a22001337a 4500
008
181221b xxu||||| |||| 00| 0 eng d
020
_a
9780324145632
041
_a
eng
080
_2
10 TH
_a
338
100
_a
53
101
_a
MAN
245
_a
An Introduction Management science
_c
Anderson .S.W
942
_2
udc
_c
BK
999
_c
53600
_d
53600